000 00777nam a2200205 a 4500
001 22812
003 CO-ViMGA
008 141112s2004 ck r 000 u spa d
020 _a958690346x
040 _aCO-ViMGA
_bspa
_cCO-ViMGA
082 0 4 _a347.013 S152p
100 1 _aSalcedo Salazar, Josè
_932624
245 1 0 _aEl poder judicial :
_bde subpoder a subpoder
260 _aColombia :
_bLeyer
300 _a203p.
505 _aEl nuevo poder judicial en el moderno estado de derecho, Del poder - deber judicial de interpretacion, El juez : pacificador y actor social, La excelencia judicial : entre la realidad y la utopìa, A modo de reflexiones conclusivas
650 1 4 _aJUECES - LEGISLACION - COLOMBIA
_932625
650 1 4 _aPODER JUDICIAL
_920536
942 _2ddc
_cBK
999 _c31109
_d31109